000 nam a22 a 4500
999 _c422410
_d422410
003 BLK
005 20210701001417.0
008 210701b bu |||||||||| 00| | bu d
040 _aBLK
041 _aBUL
_cBUL
080 _aРуска литература
_b821.161.1
_x-32
_z821.161.1-32
100 _91299
_aГулиа, Георгий Дмитриевич
_eпърви автор
139 _aГулиа, Георгий Дмитриевич
_bГ 92
245 _aКама
_bПовест
_cГеоргий Дмитриевич Гулиа ; Прев. от рус. Никола Толчев
260 _9209547
_aСофия
_bНар. култура
_c1954
_n954-04-
300 _a168 с.
_b1 портр.
_c18 см
380 _aX
700 _91121
_aТолчев, Никола
_eпрев. от рус.
852 _aЦб 8.175.42588
_bО
942 _cKNG
_n0
_s1
944 _aCR
_c2021-07-01
_kВП